Normal view
MARC view
- Baker, Richard H
Entry Personal Name
001 - CONTROL NUMBER
- control field: 99636
003 - CONTROL NUMBER IDENTIFIER
- control field: NUST
005 - DATE AND TIME OF LATEST TRANSACTION
- control field: 20221010113151.0
008 - FIXED-LENGTH DATA ELEMENTS
- fixed length control field: 221010|| aca||aabn | a|a d
040 ## - CATALOGING SOURCE
- Original cataloging agency: NUST
- Transcribing agency: NUST
100 ## - HEADING--PERSONAL NAME
- Personal name: Baker, Richard H
670 ## - SOURCE DATA FOUND
- Source citation: Work cat.: (NUST)175277: Baker, Richard H., Network security :, c1995.
